| 000 | 01080nam a2200277 a 4500 | ||
|---|---|---|---|
| 001 | 000653999 | ||
| 003 | AM-YeHGA | ||
| 005 | 20250617141322.0 | ||
| 008 | 090427s1977 ru |||||r|||||000|0|rus|d | ||
| 040 | _aAM-YeHGA | ||
| 041 | 0 | _arus | |
| 100 | 1 | _aХаютин, Владимир Михайлович | |
| 245 | 1 | 0 |
_aЦентральная организация вазомоторного контроля / _cВ.М. Хаютин, Р.С. Сонина, Е.В. Лукошкова ; АМН СССР. |
| 260 |
_aМосква : _bМедицина, _c1977. |
||
| 300 |
_a351 с. ; _c21 см. |
||
| 504 | _aСписок лит.: с. 328-348 | ||
| 650 | 1 | 4 | _aКровообращение |
| 650 | 1 | 4 | _aВазомоторная система |
| 650 | 1 | 4 | _aАуторегуляция |
| 650 | 1 | 4 | _aПродолговатый мозг |
| 650 | 1 | 4 | _aСпинальный шок |
| 650 | 1 | 4 | _aНейрофизиология |
| 700 | 1 | _aСонина, Раиса Степановна | |
| 710 | 2 | _aАкадемия медицинских наук СССР | |
| 090 | _c237936 | ||
| 999 |
_c236369 _d236369 |
||